| Tag |
First Indicator |
Second Indicator |
Subfields |
| LEADER |
00000cam a2200000 4500 |
| 001 |
in00000094660 |
| 005 |
20150927110522.0 |
| 008 |
740131s1973 nyua b 00010beng |
| 010 |
|
|
|a 73085262
|
| 020 |
|
|
|a 091233438X
|
| 020 |
|
|
|a 0912334398 (lim. ed.)
|
| 035 |
|
|
|a (OCoLC)01073535
|
| 035 |
|
|
|9 AAL6531AM
|
| 037 |
|
|
|c $40.00
|
| 040 |
|
|
|a DLC
|c DLC
|d TXA
|d UtOrBLW
|
| 049 |
|
|
|a TXAM
|c [1027496]
|
| 050 |
0 |
0 |
|a TR653
|b .W457 1973
|
| 082 |
0 |
|
|a 779/.092/4
|
| 100 |
1 |
|
|a Weston, Edward,
|d 1886-1958.
|
| 245 |
1 |
0 |
|a Edward Weston: fifty years ;
|b the definitive volume of his photographic work /
|c Illustrated biography by Ben Maddow.
|
| 250 |
|
|
|a [1st ed.
|
| 264 |
|
1 |
|a Millerton, N.Y. :
|b Aperture, Inc.,
|c 1973]
|
| 300 |
|
|
|a 285 pages :
|b illustrations ;
|c 32 x 35 cm.
|
| 336 |
|
|
|a text
|b txt
|2 rdacontent
|
| 337 |
|
|
|a unmediated
|b n
|2 rdamedia
|
| 338 |
|
|
|a volume
|b nc
|2 rdacarrier
|
| 504 |
|
|
|a Bibliography: pages 282-285.
|
| 600 |
1 |
0 |
|a Weston, Edward,
|d 1886-1958.
|
| 650 |
|
0 |
|a Photography, Artistic.
|
| 700 |
1 |
|
|a Maddow, Ben,
|d 1909-1992.
|
| 999 |
|
|
|a MARS
|
| 999 |
f |
f |
|s 1e6d65dd-45a4-31ff-969d-2b665ca61a70
|i 15f4f7fa-8676-38c5-96a1-bca40c32cd17
|t 0
|
| 952 |
f |
f |
|p normal
|a Texas A&M University
|b College Station
|c Sterling C. Evans Library
|d Evans: Library Stacks
|t 0
|e TR653 .W457 1973
|h Library of Congress classification
|i unmediated -- volume
|m A14805843523
|
| 998 |
f |
f |
|a TR653 .W457 1973
|t 0
|l Evans: Library Stacks
|